Ensayo sobre la satisfacción de necesidades básicas del pueblo mexicano entre 1940 y 1970.

Gardado en:
Detalles Bibliográficos
Autor Principal: Hewitt, Cynthia (autor)
Formato: Libro
Idioma:Lingua castelá
Series:(Cuadernos del CES ; no. 21)
Temas:
Etiquetas: Engadir etiqueta
Sen Etiquetas, Sexa o primeiro en etiquetar este rexistro!

MARC

LEADER 00000cam^a2200000uu^4500
001 000470946
005 20250521000000.0
008 050901s1977^^^^^^^^^^^^rd^r^^000^0^spa^d
009 20260310124613.573
035 |a FCE 000013734 
035 |a FCE 003312 
037 |a Acervo ITESO - Biblioteca 
041 |a spa 
082 0 4 |a 082.1  |b CES 21 
100 |a Hewitt, Cynthia  |e (autor) 
245 1 0 |a Ensayo sobre la satisfacción de necesidades básicas del pueblo mexicano entre 1940 y 1970. 
264 |a México :  |b COLMEX,  |c 1977. 
300 |a 75 p. 
336 |a texto  |b txt  |2 rdacontenido 
337 |a sin mediación  |b n  |2 rdamedio 
338 |a volumen  |b nc  |2 rdasoporte 
440 0 |a (Cuadernos del CES ;  |v no. 21) 
649 |a XX 
650 |a Economía 
650 |a Necesidades 
650 |a Desarrollo económico 
650 |a Satisfacción de necesidades 
910 |a Fondo Centro de Estudios Educativos 
920 |a Impresos - Libros 
930 |a Fondos Especiales 
905 |a 133 
901 |a ALE003312  |b IT2  |c CEE  |u 20250521 
901 |a ALE046818  |b IT2  |c CEE  |u 20250521 
902 |a https://opac.biblio.iteso.mx/vufind/Record/000470946